000 00491nam a2200169Ia 4500
999 _c23226
_d23226
003 OSt
005 20200611152303.0
008 190216s9999||||xx |||||||||||||| ||und||
020 _a9788187570615
040 _coclc
082 _a709.55
_bARB/I
100 _aArberry, Arthur J
_92250
245 4 _aThe Islamic Art Of Persia /
_cArthur J Arberry
260 _bGood Word Books,
_c2008.
_aNew Delhi:
300 _a421p
942 _cBK
_2ddc
_h709.55
_iARB/I
_k709.55
_mARB/I